000
00235nam a2200097Ia 4500
001
1049258
005
20250826232310.0
008
250824s9999 xx 000 0 und d
245
0
_a
YAKINLIK
_c
MUSTAFA ULUSOY
260
_b
KETEBE YAYINLARI
999
_c
1049258
_d
1049258